Library Banner

Ishaat e Islam yani duniya mein Islam kiyun ker phela/ (Record no. 99575)

MARC details
000 -LEADER
fixed length control field 00425nam a22001457a 4500
005 - DATE AND TIME OF LATEST TRANSACTION
control field 20171026150949.0
008 - FIXED-LENGTH DATA ELEMENTS--GENERAL INFORMATION
fixed length control field 171026b xxu||||| |||| 00| 0 eng d
040 ## - CATALOGING SOURCE
Transcribing agency PK-LaUMT
082 ## - DEWEY DECIMAL CLASSIFICATION NUMBER
Classification number PKAC 297.74
Item number HAB-I
100 ## - MAIN ENTRY--PERSONAL NAME
Personal name Habib ur Rehman
245 ## - TITLE STATEMENT
Title Ishaat e Islam yani duniya mein Islam kiyun ker phela/
Statement of responsibility, etc Habib ur Rehman
260 ## - PUBLICATION, DISTRIBUTION, ETC. (IMPRINT)
Place of publication, distribution, etc دہلی:
Name of publisher, distributor, etc مکبتہ برھان اردو،
Date of publication, distribution, etc 1950
300 ## - PHYSICAL DESCRIPTION
Extent 472 ص
942 ## - ADDED ENTRY ELEMENTS (KOHA)
Koha item type Books
Holdings
Withdrawn status Lost status Damaged status Home library Current library Date acquired Full call number Barcode Date last seen Price effective from Koha item type
      UMT Main Campus UMT Main Campus 2017-10-26 PKAC 297.74 HAB-I 115394 2017-10-26 2017-10-26 Books